Cuadernos de Trabajo las Fronteras Centroamericanas: (Registro nro. 5573)

Detalles MARC
000 -CABECERA
Campo de control 00791nam a2200241 a 4500
005 - FECHA Y HORA DE LA ULTIMA TRANSACCION
Campo de control 20160419153111.0
008 - ELEMENTOS DE LONGITUD FIJA—INFORMACION GENERAL
Campo de control 160419b xxu||||| |||| 00| 0 spa d
020 ## - ISBN
ISBN 9968975031
040 ## - FUENTE DE CATALOGACIÓN
Agencia catalogadora original CO-BoIAVH
Agencia transcriptora CO-BoIAVH
041 ## - IDIOMA
Código de idioma para texto/pista de sonido o título separado Español
090 ## - CLASIFICACIÓN LOCAL
Colección FG
Consecutivo 0045
100 ## - ASIENTO PRINCIPAL--NOMBRE PERSONAL
Nombre personal Arauz Muñoz, Jennette
245 13 - MENCION DE TITULO
Título Cuadernos de Trabajo las Fronteras Centroamericanas:
Parte restante del título El Potencial de conflicto ambiental en la cuenca del Golfo de Honduras
260 ## - PUBLICACION, DISTRIBUCION, ETC. (PIE DE IMPRENTA)
Lugar de publicación, distribución, etc. San Jose
Nombre del editor, distribuidor, etc. FUNPADEM
Fecha de publicación, distribución, etc. 2002
300 ## - DESCRIPCION FISICA
Extensión 46 Paginas
650 14 - ASIENTO SECUNDARIO DE MATERIA - TERMINO TEMATICO
Término temático o nombre geográfico como elemento de entrada Ecosistema Costero
650 14 - ASIENTO SECUNDARIO DE MATERIA - TERMINO TEMATICO
Término temático o nombre geográfico como elemento de entrada Derrames de Hidrocarburos
650 14 - ASIENTO SECUNDARIO DE MATERIA - TERMINO TEMATICO
Término temático o nombre geográfico como elemento de entrada Especies en vía de Extinción
650 14 - ASIENTO SECUNDARIO DE MATERIA - TERMINO TEMATICO
Término temático o nombre geográfico como elemento de entrada Geografía Política
700 ## - ASIENTO SECUNDARIO - NOMBRE PERSONAL
Nombre personal Delgado Carrasco, Hannia
942 ## - ELEMENTOS ADICIONALES (KOHA)
Tipo de ítem Folleto
Sistema de clasificación Local
945 ## - PROCESAMIENTO LOCAL
AAAA-MM-DD - Fecha de ingreso o modificacion 2007-06-07
Existencias
Withdrawn status Lost status Sistema de Clasificación Damaged status No para préstamo Colección Inventariado Ubicación Permanente Ubicación actual Fecha de adquisición Fuente de Valor Total Checkouts Número topográfico Inventario / Código de Barras Date last seen Ejemplar Price effective from Forma de adquisición Tipo de material
    Dewey Decimal Classification     General Inventariado 2017 Bogotá Bogotá 07/06/2007 Doyle, Peter; López, Susana   FG-0045 024468 04/12/2012 Ej.1 04/12/2012   Folleto